00466nam a2200193Ia 4500008004100000020001300041050001600054100001900070245004500089245001400134245002200148250001800170260001500188260001400203260000900217300001600226300002000242300001000262170918s9999 xx 000 0 und d a6075995X bW396di 1996 aWells, Rebecca aDivine secrets of the ya-ya sisterhood : ba novel / cby Rebecca Wells. aFirst edition aNew York : bPerennial c1996 a383 pages : billustrations ; c20cm.